000 00699nam a2200277 a 4500
001 32678
003 AR-BaAGN
005 20231223063213.0
007 ta
008 220625s2014 ag |||||r|||| ||||||spa d
020 _a978-950-49-3934-4
040 _dAR-BaAGN
_bspa
_eaacr
_aAR-BaAGN
100 1 _aWornat, Olga
245 1 0 _aPutas y guerrilleras
250 _a1ª ed.
260 _aBuenos Aires :
_bPlaneta,
_c2014.
300 _a664 páginas
336 _2rdacontent
_btxt
337 _2rdamedia
_bn
338 _2rdacarrier
_bnc
650 4 _aINVESTIGACIÓN PERIODÍSTICA
_993
650 4 _aHISTORIA ARGENTINA
_92450
700 1 _aLewin, Miriam
942 _cLIBRO
_n0
999 _c32678
_d32678